| 000 | 00422nam a2200169Ia 4500 | ||
|---|---|---|---|
| 008 | 121126t1975 xxu||||| |||| 00| 0 sin d | ||
| 041 | _asin | ||
| 080 |
_a8S-1 _bJAY |
||
| 100 | _aKamani Jayasekara | ||
| 245 | _aකළු අම්මා | ||
| 246 | _aKalu Amma | ||
| 260 |
_bGalagedara Printers _aKelaniya _c1975 |
||
| 300 | _b38p., 18 cm | ||
| 942 | _cBK | ||
| 999 |
_c74897 _d74897 |
||
| 003 | LK-CoDNM | ||
| 040 |
_aLK-CoDNM _dLK-CoDNM _eLK-CoDNM |
||